O processo do trabalho e a reforma trabalhista

Detalles Bibliográficos
Autor principal: Teixeira Filho, Manoel Antonio
Formato: eBook
Lenguaje:portugués
Publicado: San Pablo: LTR, 2017
Materias:
Acceso en línea:Acceso restringido

MARC

LEADER 00000nam a22000007a 4500
005 2018032302032.0
007 cr|||| ||||
008 180323s2017 br |||||s|||| 00||0 por d
020 |a 978-85-361-9366-3 
035 |a 21138 
040 |a vLex 
090 |c 7540  |d 7540 
100 1 |a Teixeira Filho, Manoel Antonio 
245 1 1 |a O processo do trabalho e a reforma trabalhista  |h [Recurso electrn̤ico] /  |c Manoel Antonio Teixeira Filho 
256 |a Servicio en ln̕ea 
260 |a San Pablo:  |b LTR,  |c 2017 
300 |a 1 recurso electrn̤ico 
506 1 |a Disponible solo en los productos indicados  |d vLex Global  |d vLex Global (Academic Edition, excluding Law Schools)  |d vLex Global (U.S. Academic Edition, Law Schools)  |d vLex Global (U.S. Academic Edition, excluding Law Schools)  |d vLex Global (Academic Edition, Law Schools) 
650 0 4 |a Derecho Laboral y Seguridad Social  |z Brasil 
740 0 |a vLex Libros (Servicio en ln̕ea) 
856 4 0 |u http://vlex.com/source/o-processo-trabalho-reforma-trabalhista-21138  |z Acceso restringido 
942 |c BOOK 
999 0 |a Labor law and social security